000 00610nam a22001937a 4500
003 NUST
005 20240215120728.0
008 190619b ||||| |||| 00| 0 eng d
038 _aAttaullah
082 _a670.5
100 _aShafi Uddin
_915062
245 _aCutting Forces Measurement during Maching of Aluminum Alloy (A16061-T6)
_cShafi Uddin
260 _aIslamabad
_bSMME NUST
_c2017
300 _a46p.
_c30cm.
610 _2Design and Manufacturing Engineering - MS Thesis
700 _a Dr Mushtaq Khan
_916155
856 _uhttp://10.250.8.41:8080/xmlui/handle/123456789/35632
942 _2ddc
_cTHE
999 _c524253
_d524253